000 00402nam a2200181Ia 4500
001 11549
005 20260306162836.0
008 260306t2002||||xx |||||||||||||| ||spa||
041 _aESP
082 _a985.075
_bJ64 T. 2
100 _aJochamowitz, Luis
_eAUT
245 0 _aVladimiro
260 _c2002
300 _apágs. :
_ccm.
650 _aGEN
654 _aCHU
942 _cLIB
_dJUS
_fJUS
_2ddc
_n
999 _c11549
_d11549